000 00282nam a22001337a 4500
008 170918b xxu||||| |||| 00| 0 eng d
020 _a8020906
041 _aeng
080 _a7
100 _a44
101 _aART
245 _aCRO-MANGNON MAN
_cTIME LIFE BOOKS
942 _2udc
_cBK
999 _c27975
_d27975